The “Law” of Uneven and Combined Development. Part 2: Scope and Developments

Titel: The “Law” of Uneven and Combined Development. Part 2: Scope and Developments / Neil Davidson
Verfasser:
In: East central Europe, Band 45, Heft 2/3 (2018), Seite 301-335
alle Artikel anzeigen
Veröffentlicht: 2018
Format: Aufsatz
Sprache: Englisch
Schlagworte:
Kein Bild verfügbar
X
alg: 50662923
001A    $03025:06-04-23 
001B    $01999:06-04-23 $t22:47:36.000 
001D    $03025:06-04-23 
001U    $0utf8 
001X    $00 
002@    $0Oou 
002C    $aText $btxt $2rdacontent 
002D    $aComputermedien $bc $2rdamedia 
002E    $aOnline-Ressource $bcr $2rdacarrier 
003@    $0506629236 
007A    $0506629236 $aHEB 
009Q    $uhttps://doi.org/10.1163/18763308-04502011 $xH 
010@    $aeng 
010E    $erda 
011@    $a2018 
021A    $aThe @“Law” of Uneven and Combined Development. Part 2: Scope and Developments $hNeil Davidson 
028A    $BVerfasser $4aut $71053481012 $8Davidson, Neil$Z1957-2020 [Tp3] $9343112922 
031A    $d45 $e2/3 $h301-335 $j2018 
039B    $aEnthalten in $8--Obvc--. East central Europe. - Leiden : Brill, 1974-. - Online-Ressource. - ISSN 1876-3308 $x201800000450002699 $9213290928 
044K    $RRevolution $RKommunismus $RKulturrevolution $#Permanent revolution theory $#Révolution permanente $#permanente Revolution $74173827-5 $8Permanente Revolution [Ts1] $9085808377 
045F    $a900.9 $eDDC23BSB 
045F/01 $a900 
045T    $a8 

lok: 50662923 78

exp: 50662923 78 1 #EPN
201B/01 $006-04-23 $t14:11:54.000 
201C/01 $006-04-23 
201U/01 $0utf8 
203@/01 $01230891684 
208@/01 $a06-04-23 $be 
209A/01 $a/ $f000 $x00 
209A/01 $ab*p $x01 
220C/01 $apgar 
247C/01 $82080>Marburg/Lahn, Herder-Institut, Forschungsbibliothek, Bibliographieportal $9336309341
LEADER 00000caa a2200000 c 4500
001 506629236
003 DE-603
005 20230406224736.0
007 cr||||||||||||
008 230406s2018 xx |||| o| u00||u|eng c
035 |a (DE-599)HEB506629236 
040 |a DE-603  |b ger  |c DE-603  |d DE-603  |e rda 
041 |a eng 
082 0 4 |8 1\u  |a 900.9  |q DE-101  |2 23/BSB 
084 |a 8  |2 ssgn 
085 |8 1\u  |b 900 
100 1 |a Davidson, Neil  |d 1957-2020  |e Verfasser  |4 aut  |0 (DE-603)343112922  |0 (DE-588)1053481012  |2 gnd 
245 0 0 |a ˜Theœ “Law” of Uneven and Combined Development. Part 2: Scope and Developments  |c Neil Davidson 
264 0 |c 2018 
336 |a Text  |b txt  |2 rdacontent 
337 |a Computermedien  |b c  |2 rdamedia 
338 |a Online-Ressource  |b cr  |2 rdacarrier 
650 7 |a Permanente Revolution  |0 (DE-588)4173827-5  |0 (DE-603)085808377  |2 gnd 
773 0 8 |i Enthalten in  |t East central Europe  |d Leiden : Brill, 1974-  |h Online-Ressource  |x 1876-3308  |g Band 45, Heft 2/3 (2018), Seite 301-335  |w (DE-603)213290928  |w (DE-600)2501287-3 
856 |u https://doi.org/10.1163/18763308-04502011  |x Verlag 
924 1 |9 2080  |a (DE-603)1230891684  |b DE-2080  |c HES  |d d  |g /